| 000 | 00694nam a2200205 i 4500 | ||
|---|---|---|---|
| 001 | 112059 | ||
| 003 | ES-MaACL | ||
| 005 | 20230906185421.0 | ||
| 007 | t| | ||
| 008 | 061121s1958 sp r ||||1| spa d | ||
| 100 | 1 |
_aNicodemi, Giorgio. _985549 |
|
| 245 | 1 | 0 |
_aLeonardo da Vinci _b: pinturas, dibujos, estudios / _cGiorgio Nicodemi; traducción de Francisco Payarols; revisada por el Dr. Juan Petit. |
| 260 |
_aBarcelona : _bLabor, _c1958. |
||
| 300 |
_aXLII, 171 lám. ; _c24 cm. |
||
| 600 | 1 | 4 |
_aLeonardo da Vinci, _d1452-1519 _971671 |
| 700 | 1 |
_aPayarols, Francisco. _989715 |
|
| 700 | 1 |
_aPetit, Juan. _991508 |
|
| 852 |
_aES-MaACL _jC-14167 _bR.42052 |
||
| 999 |
_c112059 _d112059 |
||